Significato, contenuto, senso (Record n. 78505)
[ formato base ]
| 000 -LEADER | |
|---|---|
| fixed length control field | 01130nam a2200289Ia 4500 |
| 001 - CONTROL NUMBER | |
| control field | D1366 |
| 003 - CONTROL NUMBER IDENTIFIER | |
| control field | IT-RoPAU |
| 008 - FIXED-LENGTH DATA ELEMENTS--GENERAL INFORMATION | |
| fixed length control field | 130308s9999 xx 000 0 und d |
| 040 ## - CATALOGING SOURCE | |
| Original cataloging agency | IT-RoPAU |
| 040 ## - CATALOGING SOURCE | |
| Transcribing agency | IT-RoPAU |
| 041 ## - LANGUAGE CODE | |
| Language code of text/sound track or separate title | ITALIANO |
| 100 ## - MAIN ENTRY--PERSONAL NAME | |
| Personal name | Marrone Gianfranco |
| 100 ## - MAIN ENTRY--PERSONAL NAME | |
| Miscellaneous information | Codice Aut. SPICS: 35715 |
| 245 ## - TITLE STATEMENT | |
| Title | Significato, contenuto, senso |
| 245 ## - TITLE STATEMENT | |
| Remainder of title | Lessico della Semiotica (Il)-(Controversie) |
| 250 ## - EDITION STATEMENT | |
| Edition statement | 1a ed. |
| 260 ## - PUBLICATION, DISTRIBUTION, ETC. (IMPRINT) | |
| Place of publication, distribution, etc. | BOLOGNA |
| 260 ## - PUBLICATION, DISTRIBUTION, ETC. (IMPRINT) | |
| Name of publisher, distributor, etc. | Esculapio |
| 260 ## - PUBLICATION, DISTRIBUTION, ETC. (IMPRINT) | |
| Date of publication, distribution, etc. | 1994 [1° Ed.:1994 - Ed.Ling.Originale:1994] |
| 300 ## - PHYSICAL DESCRIPTION | |
| Extent | "27 p. (prefazione: no ; testo: 27 [pagine: 61-87])" |
| 500 ## - GENERAL NOTE | |
| General note | Specchio del Lessico. Dal Significato al Contenuto: Bathes Il Demone del Significato, Eco e L'Opzione Hjelmsleviana e L'Aggancio Antropologico, Greimas e la Semantica Strutturale, semiotiche Specifiche. Dal Contenuto al Senso: Barthes e la Mathesis Singularis, Greimas e L'Ipotesi Generativa, Garroni e L'Orizzonte Kantiano, Eco e L'Ipotesi Interpretativa. Bibliografia. |
| 650 ## - SUBJECT ADDED ENTRY--TOPICAL TERM | |
| Topical term or geographic name as entry element | SAGGI DI SEMIOLOGIA |
| 650 ## - SUBJECT ADDED ENTRY--TOPICAL TERM | |
| Relator term | Codice materia Spics: 3257 |
| 942 ## - ADDED ENTRY ELEMENTS (KOHA) | |
| Koha item type | LIBRO |
| 957 ## - | |
| -- | 1 |
| 999 ## - SYSTEM CONTROL NUMBERS (KOHA) | |
| -- | 1 |
| Withdrawn status | Lost status | Damaged status | Not for loan | Home library | Current library | Date acquired | Total Checkouts | Full call number | Date last seen | Price effective from | Koha item type | Public note |
|---|---|---|---|---|---|---|---|---|---|---|---|---|
| Buone Condizioni | Not For Loan | SPICS-MEDIATECA | SPICS-MEDIATECA | 08/03/2013 | D1366 | 08/03/2013 | 08/03/2013 | LIBRO | Progressivo inserimento: 6862 / N. Volumi: 0 [=Contributo] Copie: 1 / data import: 1 marzo 2013 - By Epidotti, Trombetti, Vaglietti. |